Transactions vaccum metallurgy conference 1969 / (Record no. 184609)
[ view plain ]
| 000 -LEADER | |
|---|---|
| fixed length control field | 00741 a2200145 4500 |
| 003 - CONTROL NUMBER IDENTIFIER | |
| control field | Nust |
| 005 - DATE AND TIME OF LATEST TRANSACTION | |
| control field | 20230119181401.0 |
| 040 ## - CATALOGING SOURCE | |
| Transcribing agency | Nust |
| 082 ## - DEWEY DECIMAL CLASSIFICATION NUMBER | |
| Classification number | 669,TRA |
| 245 ## - TITLE STATEMENT | |
| Title | Transactions vaccum metallurgy conference 1969 / |
| Statement of responsibility, etc. | D T Bourgette (Editor) |
| 260 ## - PUBLICATION, DISTRIBUTION, ETC. | |
| Place of publication, distribution, etc. | New York |
| Name of publisher, distributor, etc. | American Vacuum Socity |
| 300 ## - PHYSICAL DESCRIPTION | |
| Extent | 650:p |
| 505 ## - FORMATTED CONTENTS NOTE | |
| Formatted contents note | Behavior Metallic Materials in Vacuum Environments (Page-1), Space Simulation Techniques and Related Studies (Page-113), Materials Processing in Vacuum or Controlled Environment (Page-201), Vacuum Investment Shape Casting (Page-253), Consumable Electrode Melting Processes (Page-349), Vacuum Induction Melting and Vacuum Degassing (Page-431), New Processes for Vacuum Steel Making (Page-545). |
| 942 ## - ADDED ENTRY ELEMENTS (KOHA) | |
| Source of classification or shelving scheme | |
| Koha item type | Book |
| Withdrawn status | Lost status | Source of classification or shelving scheme | Damaged status | Not for loan | Permanent Location | Current Location | Shelving location | Date acquired | Full call number | Barcode | Date last seen | Price effective from | Koha item type | Public note |
|---|---|---|---|---|---|---|---|---|---|---|---|---|---|---|
| Military College of Signals (MCS) | Military College of Signals (MCS) | General Stacks | 12/12/2016 | 669,TRA | MCS21586 | 12/08/2016 | 12/12/2016 | Book | Almirah No.55, Shelf No.4 |
